| 000 | 01604nam a22001937a 4500 | ||
|---|---|---|---|
| 005 | 20250925151134.0 | ||
| 010 | _aB-765969-981 20BACCHHN25 | ||
| 020 |
_a9788195149810 _c450.00 |
||
| 035 | _aB-765969-981 | ||
| 037 | _bआकाशदीप पब्लिकेशंस | ||
| 082 | _aउ | ||
| 100 |
_aरमाशंकर _985209 |
||
| 245 |
_aMission पानी/ _cरमाशंकर |
||
| 260 |
_aनई दिल्ली _bआकाशदीप पब्लिकेशंस _c2022 |
||
| 270 |
_a1/1079-E, महरौली, _bनई दिल्ली _e110030 |
||
| 300 |
_a136पृ; _c22 सेमी (सजिल्द) _bसचित्र |
||
| 942 |
_adpl _cCH _2ddc _hउ _mरमाशं |
||
| 999 |
_c209804 _d209804 |
||